000 00505nam a2200169 4500
001 186
005 20181127160741.0
020 0 0 _a9788184780161
090 0 0 _a657.48 S4548a 2008
100 0 0 _aSehgal, Ashok
245 0 0 _aTaxmann's advanced accounting :
_bFinancial accounting /
_cDr. Ashok Sehgal, Dr. Deepak Sehgal
_h
250 0 0 _a6th ed.
260 0 0 _aNew Delhi :
_bTaxmann Allied Services,
_c2008.
300 0 0 _a1276 p.
650 0 0 _aAccounting.
_x
700 _aSehgal, Deepak.
_b
_c
_d
_e
_k
_l
_m
_n
_o
_p
_q
_r
_s
_t
999 _c168
_d168